| 000 | 00588nam a2200229 a 4500 | ||
|---|---|---|---|
| 005 | 20210219153402.0 | ||
| 008 | 991125n 000 0 eng u | ||
| 035 | _aUPN01000095645 | ||
| 100 | _aStover, Del | ||
| 222 | _aEXECUTIVE EDUCATOR | ||
| 245 | _aRacism redux | ||
| 300 | _a35-36 | ||
| 362 | _a1991 13, No. 12 | ||
| 505 | _aAbril, 1992 | ||
| 653 | 0 | _aACTITUDES RACIALES | |
| 653 | 0 | _aAMBIENTE EDUCATIVO | |
| 653 | 0 | _aPREJUICIO RACIAL | |
| 653 | 0 | _aRESOLUCION DE CONFLICTOS | |
| 653 | 0 | _aRESPONSABILIDAD DEL ADMINISTRADOR | |
| 904 |
_aAC _b033456 |
||
| 905 | _aArticulo | ||
| 999 |
_c75584 _d75584 |
||